[Event "St Petersburg-chT "]
[Site "St Petersburg"]
[Date "2003.??.??"]
[Round "3"]
[White "Sochagin, Alexander"]
[Black "Ivanov, Mikhail I"]
[Result "1-0"]
[WhiteElo "2224"]
[BlackElo "2351"]
[PlyCount "115"]
[EventDate "2003.??.??"]
[EventType "team-tourn"]
[EventRounds "9"]
[EventCountry "RUS"]
[SourceTitle "EXT 2005"]
[Source "ChessBase"]
[SourceDate "2004.11.15"]
[SourceVersion "1"]
[SourceVersionDate "2004.11.15"]
[SourceQuality "1"]

1. b4 e5 2. Bb2 f6 3. b5 d5 4. e3 c5 5. d3 Be6 6. Nd2 Bd6 7. c4 Ne7 8. e4 d4 9. g3 Nd7 10. Bh3 Nf8 11. Bxe6 Nxe6 12. Qg4 Kf7 13. h4 h5 14. Qe2 Bc7 15. Nb3 a6 16. a4 Ba5+ 17. Kf1 Bb4 18. Kg2 Qd6 19. Nh3 g5 20. hxg5 fxg5 21. Ng1 Kg6 22. Bc1 Ng8 23. Bd2 Nf6 24. Bxb4 cxb4 25. Qf3 Ng7 26. c5 Qe6 27. Qd1 axb5 28. axb5 Rxa1 29. Nxa1 Ra8 30. Nf3 Ng4 31. Nb3 Ra2 32. Nfd2 Qf7 33. Qf3 Qd7 34. b6 Qa4 35. Rc1 Qe8 36. c6 bxc6 37. b7 Ra6 38. Nc5 Ra2 39. Nd7 Qxd7 40. b8Q Rxd2 41. Rf1 Qe7 42. Kg1 Nf6 43. g4 hxg4 44. Qg3 b3 45. Qgxe5 Qxe5 46. Qxe5 Rxd3 47. Qd6 Kf7 48. Qxc6 Ne6 49. e5 Rc3 50. Qb7+ Rc7 51. Qxb3 Ne4 52. Qd3 N4c5 53. Qf5+ Ke7 54. Rd1 Rd7 55. Qf6+ Ke8 56. Ra1 d3 57. Ra8+ Nd8 58. e6 1-0

[Event "St Petersburg-chT "]
[Site "St Petersburg"]
[Date "2003.??.??"]
[Round "4"]
[White "Vunder, Andrei"]
[Black "Sochagin, Alexander"]
[Result "1-0"]
[WhiteElo "2289"]
[BlackElo "2224"]
[PlyCount "39"]
[EventDate "2003.??.??"]
[EventType "team-tourn"]
[EventRounds "9"]
[EventCountry "RUS"]
[SourceTitle "EXT 2005"]
[Source "ChessBase"]
[SourceDate "2004.11.15"]
[SourceVersion "1"]
[SourceVersionDate "2004.11.15"]
[SourceQuality "1"]

1. d4 Nf6 2. Nf3 g6 3. c4 d5 4. Nc3 Bg7 5. Bg5 c6 6. e3 0-0 7. Bd3 b6 8. 0-0 Bb7 9. Rc1 Nbd7 10. cxd5 Nxd5 11. Nxd5 cxd5 12. Bb5 Nf6 13. Bc6 Bxc6 14. Rxc6 Ne4 15. Bf4 Qd7 16. Qc2 Qf5 17. Rc1 Bf6 18. h3 h5 19. Ne5 Rfd8 20. g4 1-0